000 00322 a2200157 4500
001 178760
020 _a
040 _cMagnum
100 _aThis, Bernard
240 1 0 _aDe onde venho ?
_lpor
245 1 0 _aDe onde venho ?
362 0 _a1899
440 1 _aScipione
697 _aMAGNITO: IJ/PARADIDATICO
942 _cBK
999 _c178760
_d178760